Los cuentos del conejo /

Spremljeno u:
Bibliografski detalji
Daljnji autori: Fonseca López, Rodolfo (editor) Urednik, Paredes, Jesús (coordinación editorial) (coordinación editorial)
Format: Knjiga
Jezik:španjolski
Izdano: México : CONAFE, 1994, c1994
Oznake: Dodaj oznaku
Bez oznaka, Budi prvi tko označuje ovaj zapis!

MARC

LEADER 00000nam^a2200000^a^4500
001 000575750
005 20250521000000.0
009 20260310132415.455
020 |a 968-29-5614-5 
037 |a Acervo ITESO - Biblioteca 
041 |a ESP 
091 |a FGM. 05614 
100 |a Fonseca López, Rodolfo  |e (editor) 
245 1 4 |a Los cuentos del conejo / 
264 4 |a México :  |b CONAFE,  |c 1994, c1994 
300 |a 39 p. 
336 |a texto  |b txt  |2 rdacontenido 
337 |a sin mediación  |b n  |2 rdamedio 
338 |a volumen  |b nc  |2 rdasoporte 
649 |a XX 
700 |a Paredes, Jesús  |e (coordinación editorial) 
910 |a Fondo Efraín González Morfín 
920 |a Impresos - Libros 
930 |a Fondos Especiales 
940 |a Literatura 
905 |a 130 
901 |a 0500384259  |b IT2  |c ESL  |i D87182  |u 20250521 
902 |a https://opac.biblio.iteso.mx/vufind/Record/000575750